| 000 | 00506nam a2200181 a 4500 | ||
|---|---|---|---|
| 005 | 20140310183549.0 | ||
| 008 | 110930s19uu xx 00 eng d | ||
| 020 | _a9780816079629 | ||
| 050 |
_aPN 1992.55 _b.H25 2010 |
||
| 100 | _aHackney Blackwell, Amy | ||
| 245 |
_aTelevision / _cAmy Hackney Blackwell. |
||
| 260 |
_aNew York : _bFerguson Publishing, _c2010. |
||
| 300 |
_a138 p. : _c24 cm. |
||
| 521 | _aMC | ||
| 650 |
_aTelevision _xVocational guidance |
||
| 942 |
_cBK _2lcc _kFOR |
||
| 999 |
_c24916 _d24916 |
||